1050 1290 1852 1950 1996 1225 1635 1851 1351 1762 1453 1895 1155 1833 1666 1695 1117 1457 1543 1210 1686 1169 1142 1922 1772 1601 1645 1213 1660 1275 1666 1043 1955 1753 1908 1035 1399 1914 1224 1034 1517 1220 1129 1964 1479 1116 1208 1928 1660 1660 1645 1159 1901 1584 1907 1120 1253 1587 1774 1171 1789 1398 1446 1160 1007 1673 1516 1695 1905 1542 1897 1235 1003 1532 1372 1030 1991 1158 1755 1543 1138 1413 1047 1070 1386 1764 1275 1433 1822 1055 1669 1355 1515 1097 1832 1031 1857 1624 1552 BCNSPRNW ULIB Ver.6.0+V

เปลี่ยนเป็นภาษาไทย

Change to English
 แสดงรายละเอียดบรรณานุกรม
  กลับหน้าหลัก

Brief Record : Get Marc (ISO 2709) : E-mail record : QR code < ปิดหน้าต่าง
LEADER : 00000nam 2200000uu 4500
001    13399123301
003     ULIB
008    140815s2556||||th 000 0 tha d
099    วจ.WC500^bร623ป
100 0  รุ่งนภา สุตินันท์โอภาส และจิราพร พรมแก้วงาม
245 00 ปัจจัยส่วนบุคคลที่มีความสัมพันธ์กับพฤติกรรมการป้องกันโรคมือเท้าปาก ของอาสามัครสาธารณสุขประจำหมู่บ้านในเขตเทศบาลนครลำปาง จังหวัดลำปาง/^cรุ่งนภา สุตินันท์โอภาส และจิราพร พรมแก้วงาม
260    ลำปาง :^bวิทยาลัยพยาบาลบรมราชชนนี นครลำปาง,^c2556
300    45 หน้า
650  0 โรคมือเท้าปาก^xวิจัย
700 0  จิราพร พรมแก้วงาม
945    ^p0^l0^i034609
999    ^aเกษร โพธิ์สุวรรณ
รายการนี้ยังไม่มีแท็ก
คุณยังไม่ได้ล็อกอิน คุณสามารถมีกิจกรรมร่วมกับเว็บไซต์ได้ แต่ต้องล็อกอินก่อน ::
  ล็อกอิน

รายการสื่อสารสนเทศ

ลำดับที่ ประเภท เลขเรียก/บาร์โค้ด สถานที่ สถานะ
1. งานวิจัย
งานวิจัย
วจ.WC500 ร623ป ฉ.1 
  Barcode: 034609
ห้องสมุดวิทยาเขตสวรรค์ประชารักษ์
►วิจัย
บนชั้น

BibComment


ยังไม่เคยถูกคอมเมนท์

คอมเมนท์ทรัพยากรรายการนี้
  คอมเมนท์: ปัจจัยส่วนบุคคลที..


 Copyright 2026. Bcnsprnw @Library